000 00701pam a2200217 4500
001 1723
003 OCoLC
005 20181127163856.0
008 930330s1993 nyu b 001 0 eng
010 _a93019377
020 _a0415904862 (HB : acid-free paper)
043 _an-us---
100 1 _aWest, Cornel.
245 1 0 _aKeeping faith :
_bphilosophy and race in America /
_cCornel West.
260 _aNew York :
_bRoutledge,
_c1993.
300 _axvii, 319 p. ;
_c23 cm.
504 _aIncludes bibliographical references (p. [293]-308) and index.
650 0 _aAfrican Americans
_xIntellectual life.
650 0 _aAfrican Americans
_xPolitics and government.
651 0 _aUnited States
_xRace relations.
999 _c1300
_d1300